000 00783nam a22002177a 4500
999 _c19760
_d19760
003 AR-CdUCM
008 190521b ||||| |||| 00| 0 spa d
040 _aMUNICIPALIDAD PROVINCIAL DEL CUSCO
_cBIBLIOTECA MUNICIPAL DEL CUSCO
082 _a980.51 /
_bT18
100 _aTamayo Herrera, José
_911513
245 _aHistoria del indigenismo cuzqueño :
_bsiglos XVI-XX /
260 _aLima :
_bINC,
_c1980.
300 _a394 páginas ;
_c21 cm.
505 _aContenido: Los problemas teóricos preliminares -- El indigenismo colonial -- Ideas y mentalidad andina durante el siglo XIX...
650 _aIndigenismo
_9208
650 _aPerú
_935
650 _aCusco
_9772
700 _aValcárcel , Luis Eduardo (prologo)
_921984
942 _2ddc
_cLIBROS
945 _adavv
_d2019-05-21